000 00814nam a22002417a 4500
999 _c64811
_d64811
005 20240530110752.0
008 181216s2018 ua g 00| j ara d
017 _a2017/28817
_bمصر. دار الكتب
020 _a9789777951579
040 _aEG-CaGPL
_cEG-CaGPL
082 0 4 _221
_a813.02 /
_bط م
100 0 _aطارق امام
245 1 0 _aمدينة الحوائط اللانهائية :
_bقصص /
_cطارق امام
250 _aط.1
260 _aالقاهرة :
_bالدار المصرية اللبنانية ،
_c2018.
300 _a271 ص. ؛
_c19 سم.
650 0 7 _2qrmak
_aالادب العربى
650 0 7 _2qrmak
_aالقصص العربية
650 0 7 _2qrmak
_aالقصص القصيرة
651 _2qrmak
942 _2ddc
_cBK